Réécrire les pays en 30 sec. - Moyen - Statistiques

Statistiques générales
  • Ce quiz a été pris 592 fois
  • Le résultat moyen est 12 sur 15
Statistiques - réponses
Pays À Réécrire % Correct
Allemagne Allemagne
100%
Australie Australie
97%
Irak Irak
96%
Israël Israël
94%
Bangladesh Bangladesh
93%
Taïwan Taïwan
93%
Argentine Argentine
92%
États-Unis États-Unis
84%
Cambodge Cambodge
83%
Viêt Nam Viêt Nam
78%
Madagascar Madagascar
71%
Mongolie Mongolie
64%
Mexique Mexique
56%
Honduras Honduras
48%
Bahamas Bahamas
43%
Aucun quiz correspondant
Distribution des résultats
% des personnes avec chaque résultat
Percentile par nombre de réponses
Votre historique - résultats
Vous n’avez pas pris ce quiz